Statistics for Cricketing All Rounders

Click here to take the quiz!

General Stats

  • This quiz has been taken 2,510 times
    (685 since last reset)
  • The average score is 9 of 21

Answer Stats

CountryAnswer% Correct
South AfricaJacques Kallis
64%
IndiaRavichandran Ashwin
58%
IndiaRavindra Jadeja
58%
AustraliaShane Warne
58%
EnglandSir Ian Botham
57%
IndiaKapil Dev
56%
PakistanImran Khan
55%
New ZealandSir Richard Hadlee
48%
New ZealandDaniel Vettori
46%
South AfricaShaun Pollock
46%
EnglandAndrew Flintoff
42%
BangladeshShakib al Hasan
42%
West IndiesSir Garfield Sobers
42%
PakistanWasim Akram
39%
EnglandStuart Broad
38%
IndiaAnil Kumble
32%
Sri LankaChaminda Vaas
31%
New ZealandChris Cairns
24%
IndiaHarbhajan Singh
18%
AustraliaRichie Benaud
17%
AustraliaMitchell Johnson
16%

Score Distribution

Percentile by Number Answered

Percent of People with Each Score

Your Score History

You have not taken this quiz since the last reset